000 00797nam a22002417a 4500
003 BUBTL
008 221128b ||||| |||| 00| 0 eng d
020 _a978138209862
082 _a370.72/ C6601r/ 2018
100 _94994
_a Cohen, Louis
245 _a Research methods in education/
_cLouis Cohen, Lawrence Manion, Keith Morrison
250 _a8th Edn.
260 _aLondon:
_bRoutledge Taylor & Francis Group,
_cc2018
300 _axxvii, 916 p.:
_c25 cm.
500 _aIncludes Index
505 _a Research methods in education, Louis Cohen, Lawrence Manion, Keith Morrison, English
650 0 _9194
_aEnglish Language
700 _94995
_aManion, Lawrence
700 _94996
_aMorrison, Keith
856 _k0
_l0
_yDownload
942 _2ddc
_cBK
999 _c6839
_d6839